LEADER 02052nam 2200541 450 001 9910787099103321 005 20230803035847.0 010 $a90-5972-922-6 035 $a(CKB)3710000000227200 035 $a(EBL)3155065 035 $a(SSID)ssj0001399193 035 $a(PQKBManifestationID)11799585 035 $a(PQKBTitleCode)TC0001399193 035 $a(PQKBWorkID)11450538 035 $a(PQKB)10481524 035 $a(MiAaPQ)EBC3155065 035 $a(Au-PeEL)EBL3155065 035 $a(CaPaEBR)ebr10921219 035 $a(OCoLC)902863590 035 $a(EXLCZ)993710000000227200 100 $a20140904h20132013 uy 0 101 0 $aeng 135 $aur|n|---||||| 181 $ctxt 182 $cc 183 $acr 200 10$aAmbiguous ambitions in the meuse theatre $ethe impact of the water framework directive on collective-choice rules for integrated river basin management /$fLeo Santbergen 210 1$aDelft, Netherlands :$cUitgeverij Eburon,$d2013. 210 4$d©2013 215 $a1 online resource (565 p.) 300 $a"Proefschrift ter verkrijging van de graad van doctor aan de Radboud Universiteit Nijmegen op gezag van de rector magnificus prof. mr. S.C.J.J. Kortmann, volgens besluit van het college van decanen in het openbaar te verdedigen op woensdag 23 januari 2013 om 13.30 uur precies door Leonardus Lambertus Petrus Adrianus Santbergen geboren op 12 januari 1967 te Roosendaal"--Cover. 311 $a90-5972-707-X 320 $aIncludes bibliographical references. 606 $aWater conservation$vCongresses 606 $aWater conservation$xEconomic aspects 606 $aWater$xPurification 615 0$aWater conservation 615 0$aWater conservation$xEconomic aspects. 615 0$aWater$xPurification. 676 $a333.9116 700 $aSantbergen$b Leo$01579981 801 0$bMiAaPQ 801 1$bMiAaPQ 801 2$bMiAaPQ 906 $aBOOK 912 $a9910787099103321 996 $aAmbiguous ambitions in the meuse theatre$93860462 997 $aUNINA LEADER 03020oam 2200577 c 450 001 9910563051103321 005 20240525094506.0 024 7 $a10.3726/b12362 035 $a(CKB)4340000000239170 035 $a(oapen)https://directory.doabooks.org/handle/20.500.12854/34683 035 $a(PH02)9783954795543 035 $a(oapen)doab34683 035 $a(EXLCZ)994340000000239170 100 $a20240525d1990 uy 0 101 0 $ager 135 $aurnnunnnannuu 181 $ctxt$2rdacontent 182 $cc$2rdamedia 183 $acr$2rdacarrier 200 14$aDie Entwicklung analytischer Konstruktionen in der russischen Fachsprache der Mathematik seit dem 18. Jahrhundert$fKaren Reitz 205 $a1st, New ed. 210 $aFrankfurt a.M$cPH02$d1990 215 $a1 online resource (339 p.)$c, EPDF 225 0 $aSpecimina philologiae Slavicae$v30s 300 $aPeter Lang GmbH, Internationaler Verlag der Wissenschaften 311 08$a3-95479-554-X 327 $aFachsprache der Mathematik - Werke russischer mathematischer Literatur - Zur Begriffsbestimmung von Analytismus und analytischer Konstruktion - Ziel und Methode der Untersuchung - Verbale analytische Konstruktionen - Substantivische analystische Konstruktionen - Symbolische analytische Konstruktionen - Adjektivische analytische Konstruktionen - Adverbale analytische Konstruktionen - Pra?positionale analytische Konstruktionen - U?ber die Tendenz zum Analytismus in der russischen Fachsprache der Mathematik 330 $aWenn es um Tendenzen in der neueren russischen Sprache geht, fa?llt recht oft das Wort Analytismus. Eine Entwicklung hin zum Analytismus wird oft als eine der deutlichsten Tendenzen in der russischen Gegenwartssprache genannt. Die Analyse der morpho-syntaktischen und lexiko-semantischen Struktur sowie der funktionalen Charakteristika analytischer K onstruktionen soll Hinweise auf Gru?nde fu?r eine Tendenz zum Analytismus geben. Hauptziel der Untersuchung ist es festzustellen, wie deutlich und bestimmend die Tendenz zum Analytismus fu?r die russische Fachsprache der Mathematik in ihrer Entwicklung seit dem 18. Jahrhundert, das heißt seit dem ersten in Rußland gedruckten Mathematikbuch, der Arithmetik Magnickijs aus dem Jahre 1703, gewesen ist. 606 $alinguistics$2bicssc 610 $aanalytischer 610 $aAnalytismus 610 $aEntwicklung 610 $aFachsprache 610 $aJahrhundert 610 $aKonstruktionen 610 $aLinguistik 610 $aMathematik 610 $aReitz 610 $arussischen 610 $aRussland 610 $aseit 610 $aSlavische Sprachwissenschaft 610 $aSprachtheorie 615 7$alinguistics 700 $aReitz$b Karen$4aut$01298651 801 0$bPH02 801 1$bPH02 906 $aBOOK 912 $a9910563051103321 996 $aDie Entwicklung analytischer Konstruktionen in der russischen Fachsprache der Mathematik seit dem 18. Jahrhundert$93024911 997 $aUNINA